00550nam a2200181Ia 4500003000500000008004100005020001800046040001900064082000700083100001900090245007100109260002700180300000800207546001200215942001200227999001700239952011200256STCL181203s9999 xx 000 0 und d a9781107648890 aSTCLbENcSTCL 222 aShroff, Gautam 0aEnterprise Cloud Computing: Technology, Architecture, Applications bCambridgeaDelhic2017 a273 aEnglish 2ddccBK c86791d86791 00102ddc4070aSTCALbSTCALcGENd2018-12-03l0o004.36 SHO-Ep95408r2018-12-03 00:00:00w2018-12-03yBK